| 000 | 00595nam a2200205 i 4500 | ||
|---|---|---|---|
| 001 | 144009 | ||
| 003 | ES-MaACL | ||
| 005 | 20231005101214.0 | ||
| 007 | t| | ||
| 008 | 070214s1971 sp r ||||1| spa d | ||
| 100 | 1 |
_aSimón Díaz, José. _9106544 |
|
| 245 | 1 | 3 |
_aLa bibliografía _b: conceptos y aplicaciones / _cJosé Simón Díaz. |
| 250 | _a1ª ed. | ||
| 260 |
_aBarcelona : _bPlaneta, _c1971 ( _fDuplex) |
||
| 300 |
_a331 p. ; _c21 cm. |
||
| 650 | 4 |
_aBibliografía. _910516 |
|
| 852 |
_aES-MaACL _jC-39109 _bR.79752 _9149214 _cDEPO2 |
||
| 942 | _2udc | ||
| 999 |
_c144009 _d144009 |
||